000 00649nam a2200181 a 4500
001 000040408
005 20201002034120.0
008 130823s2006 mx 000 0 spa d
020 _a9703228283
040 _aDO-SdBNP
_bspa
_cBNPHU
100 1 _aCamargo, Pedro Pablo
_966711
245 1 0 _aEl estado imperialista /
_cPedro Pablo Camargo.
260 _aMéxico :
_bUniversidad Nacional Autónoma de México,
_c2006.
300 _a21 p. ;
_c21 cm.
490 1 _aLecturas jurídicas
_ael derecho y sus maestros
_v30
710 2 _aUniversidad Nacional Autónoma de México,
_942447
830 0 _aLecturas jurídicas
_pLa dirección y sus maestros
_v33
_966712
999 _c39898
_d39898